| 000 | 00439nam a2200121Ia 4500 | ||
|---|---|---|---|
| 008 | 220620s9999||||xx |||||||||||||| ||und|| | ||
| 100 | _aKi Young Kim | ||
| 245 | 0 | _aRecent Optical and Photonic Technologies | |
| 546 | _aEnglish[eng] | ||
| 650 | _aPhysical Sciences||Engineering and Technology||Optoelectronics||Physics||Optics and Lasers | ||
| 856 | _uhttps://www.intechopen.com/books/recent-optical-and-photonic-technologies | ||
| 942 | _cEB | ||
| 999 |
_c22405 _d22405 |
||